| 000 | 00827 a2200265 4500 | ||
|---|---|---|---|
| 001 | 200422027 | ||
| 999 |
_c200422027 _d38782 |
||
| 003 | TR-AnTOB | ||
| 005 | 20211013084441.0 | ||
| 008 | 150525b tu 000 0 | ||
| 040 |
_aTR-AnTOB _btur _erda |
||
| 041 | 0 | _aeng | |
| 050 | 0 | 0 |
_aHC59.7 _bI57 1992 |
| 090 | _aHC59.7. I57 1992 | ||
| 245 | 1 | 0 |
_aIntergovernmental Fiscal Transfers in Nine Countries : _bLessons for Developing Countries |
| 264 |
_aWashington : _bWorld Bank, _c1992. |
||
| 300 |
_a78 page: _bill. ; _c24 cm. |
||
| 336 |
_atext _2rdacontent |
||
| 337 |
_aunmediated _2rdamedia |
||
| 338 |
_avolume _2rdacarrier |
||
| 504 | _aIncludes bibliographical references (p. 75-78). | ||
| 650 | 0 | 0 |
_aEconomic development _zTurkey _989208 |
| 650 | 0 | 7 |
_aEkonomik kalkınma _zGelişmekte olan ülkeler _2etuturkob _991531 |
| 942 | _cBK | ||